Directed Information Measures in Neuroscience /

Contiene: Entropía de transferencia en neurociencia; Estimación eficiente de la transferencia de información; Evaluación condicional basada en entropía de la dinámica de la información en sistemas fisiológicos; Transferencia de información en el cerebro: conocimientos desde un enfoque unificado; La...

תיאור מלא

שמור ב:
מידע ביבליוגרפי
מחבר ראשי: Wibral, Michael (edición)
מחברים אחרים: Vicente, Raul (edición) (edición), Lizier, Joseph T. (edición) (edición)
פורמט: ספר
שפה:אנגלית
יצא לאור: Heidelberg, Alemania : Springer, 2014, c2014
סדרה:(Understanding Complex Systems. Springer Complexity)
נושאים:
גישה מקוונת:Ver documento en línea
תגים: הוספת תג
אין תגיות, היה/י הראשונ/ה לתייג את הרשומה!

MARC

LEADER 00000nam^a2200000^a^4500
001 000554917
005 20251023000000.0
009 20260310131707.192
020 |a 978-3-642-54474-3 
037 |a Acervo ITESO - Biblioteca 
041 |a ING 
082 |a Libro en línea 
100 |a Wibral, Michael  |e (edición) 
245 1 0 |a Directed Information Measures in Neuroscience /  |c Ed. de M. Wibral, R. Vicente, J.T. Lizier. 
264 4 |a Heidelberg, Alemania :  |b Springer,  |c 2014, c2014 
264 2 |a Cham, Suiza :  |b Springer Link [distribución],  |c 2014, c2014 
300 |a 1 libro electrónico en línea (XIV, 225 p.) 
300 |a 1 recurso en línea 
336 |a datos para computadora  |b cod  |2 rdacontenido 
337 |a computadora  |b c  |2 rdamedio 
338 |a recurso en línea  |b cr  |2 rdasoporte 
440 1 |a (Understanding Complex Systems.  |p Springer Complexity) 
506 0 |a Licencias ilimitadas 
520 |a Contiene: Entropía de transferencia en neurociencia; Estimación eficiente de la transferencia de información; Evaluación condicional basada en entropía de la dinámica de la información en sistemas fisiológicos; Transferencia de información en el cerebro: conocimientos desde un enfoque unificado; La función sigue a la dinámica: dependencia del estado de las influencias funcionales dirigidas; Sobre la complejidad y los efectos de fase en la reconstrucción de la direccionalidad del acoplamiento en sistemas no lineales; Medición de la dinámica del procesamiento de la información a escala local en el tiempo y el espacio; Criterios paramétricos y no paramétricos para la inferencia causal a partir de series temporales. 
649 |a XX 
650 |a Estimación de Parámetros 
650 |a Inferencia Estadística 
650 |a Entropía 
650 |a Neurofisiología 
650 |a Neurobiología 
650 |a Neurociencias -  |x Tema Principal 
650 |a Ingeniería Biomédica 
650 |a Complejidad Computacional 
650 |a Codificación -  |x Teoría 
650 |a Datos -  |x Clasificación 
650 |a Proceso de Datos -  |x Tema Principal 
650 |a Sistemas de Información -  |x Tema Principal 
650 |a Informática 
650 |a Ingeniería Computacional 
700 |a Vicente, Raul  |e (edición) 
700 |a Lizier, Joseph T.  |e (edición) 
856 4 0 |u https://link-springer-com.ezproxy.iteso.mx/10.1007/978-3-642-54474-3  |y Ver documento en línea 
910 |a Fondo General 
920 |a Electrónicos - Libros en Línea 
930 |a Plataforma Digital 
905 |a 205 
901 |a 554917-1  |b IT2  |c EBO  |u 20250521 
902 |a https://opac.biblio.iteso.mx/vufind/Record/000554917